Environmental Permitting Programme (Record no. 105228)

MARC details
000 -LEADER
fixed length control field 01458cam a2200229 4500
001 - CONTROL NUMBER
control field ##L132761
008 - FIXED-LENGTH DATA ELEMENTS--GENERAL INFORMATION
fixed length control field 060307n2006 000 0 eng u
035 ## - SYSTEM CONTROL NUMBER
System control number (Sirsi) u132761
041 0# - LANGUAGE CODE
Language code of text/sound track or separate title eng
050 04 - LIBRARY OF CONGRESS CALL NUMBER
Classification number 614.76 $2 18
110 1# - MAIN ENTRY--CORPORATE NAME
Corporate name or jurisdiction name as entry element United Kingdom
Subordinate unit Department for Environment, Food and Rural Agency: Environmental Permitting Programme Team
9 (RLIN) 4906
245 00 - TITLE STATEMENT
Title Environmental Permitting Programme
Remainder of title consultation on options for creating a streamlined environmental permitting and compliance system
260 ## - PUBLICATION, DISTRIBUTION, ETC.
Place of publication, distribution, etc. London
Name of publisher, distributor, etc. DEFRA
Date of publication, distribution, etc. 2006
300 ## - PHYSICAL DESCRIPTION
Extent 73p., vii, xi
Dimensions 30cm.
520 ## - SUMMARY, ETC.
Summary, etc. The Environmental Permitting Programme is examining how to combine the Pollution Prevention and Control (PPC) and waste management licensing systems into a common permitting and compliance system. Seeks views on the consultation proposals that aim to streamline and simplify the mechanics of the permitting and compliance systems for waste and PPC without undermining environmental protection or human health. Responses are required by 15 May 2006.
590 ## - LOCAL NOTE (RLIN)
Local note IKA140306
690 ## - LOCAL SUBJECT ADDED ENTRY--TOPICAL TERM (OCLC, RLIN)
Topical term or geographic name as entry element ENVIRONMENTAL AND LAND CONSULTANCY-WASTE MANAGEMENT
710 2# - ADDED ENTRY--CORPORATE NAME
Corporate name or jurisdiction name as entry element England and Wales
Subordinate unit Environment Agency
9 (RLIN) 2469
710 2# - ADDED ENTRY--CORPORATE NAME
Corporate name or jurisdiction name as entry element Wales
Subordinate unit National Assembly for Wales
9 (RLIN) 4836
856 40 - ELECTRONIC LOCATION AND ACCESS
Uniform Resource Identifier <a href="webarchive.nationalarchives.gov.uk/20060220184625/http://www.defra.gov.uk/corporate/consult/envpermitprog/consultdoc.pdf">webarchive.nationalarchives.gov.uk/20060220184625/http://www.defra.gov.uk/corporate/consult/envpermitprog/consultdoc.pdf</a>
Public note View the consultation free of charge at www.defra.gov.uk...
942 ## - ADDED ENTRY ELEMENTS (KOHA)
Suppress in OPAC 0
Holdings
Withdrawn status Lost status Source of classification or shelving scheme Damaged status Not for loan Home library Current library Shelving location Date acquired Total Checkouts Full call number Barcode Date last seen Copy number Price effective from Koha item type
    Dewey Decimal Classification     Virtual Virtual Online 06/06/2006   ONLINE PUBLICATION 132761-4001 06/08/2019 1 06/08/2019 Book